Problems of the East European scripts with special regard to the newly found inscription of Szarvas

Elmentve itt :
Bibliográfiai részletek
Szerző: Róna-Tas András
Dokumentumtípus: Cikk
Megjelent: Presso la Sede del Centro Spoleto 1988
Sorozat:Popoli delle steppe: unni, avari, ungari : 23-29 aprile 1987
Kulcsszavak:Feliratok - szarvasi, Feliratok - rovásírásos
Tárgyszavak:
Online Access:http://misc.bibl.u-szeged.hu/64535
LEADER 00916nab a2200229 i 4500
001 misc64535
005 20240514132850.0
008 240425s1988 hu o 000 eng d
040 |a SZTE Miscellanea Repozitórium  |b hun 
041 |a eng 
100 2 |a Róna-Tas András 
245 1 0 |a Problems of the East European scripts with special regard to the newly found inscription of Szarvas  |h [elektronikus dokumentum] /  |c  Róna-Tas András 
260 |a Presso la Sede del Centro  |b Spoleto  |c 1988 
300 |a 483-511  |c 21 cm 
300 |a 29  |c 21 cm 
490 0 |a Popoli delle steppe: unni, avari, ungari : 23-29 aprile 1987 
561 |a Németh Gyula hagyaték 
591 |a NOA 5195; XKEK 1731 
650 4 |a Bölcsészettudományok 
650 4 |a Történettudomány és régészet 
695 |a Feliratok - szarvasi, Feliratok - rovásírásos 
856 4 0 |u http://misc.bibl.u-szeged.hu/64535/1/5195_noa.pdf  |z Dokumentum-elérés